[Event "15th Dubai Open 2013"]
[Site "Dubai UAE"]
[Date "2013.04.08"]
[Round "2.5"]
[White "Sunilduth Lyna, Narayanan"]
[Black "Sargissian, Gabriel"]
[Result "0-1"]
[WhiteElo "2418"]
[BlackElo "2666"]
[PlyCount "114"]
[EventDate "2013.04.07"]

1. d4 Nf6 2. c4 e6 3. Nf3 b6 4. g3 Ba6 5. Qc2 Bb4+ 6. Bd2 Be7 7. e4 d5 8. cxd5
Bxf1 9. Kxf1 exd5 10. e5 Ne4 11. Nc3 Nxd2+ 12. Qxd2 Nc6 13. Kg2 Qd7 14. Rac1
O-O 15. Rhe1 Nd8 16. Nd1 Ne6 17. Ne3 Rfd8 18. Red1 Rac8 19. h4 h6 20. Rc2 Bf8
21. Qe2 c6 22. h5 c5 23. dxc5 d4 24. cxb6 Rxc2 25. Nxc2 d3 26. Qe4 Nc5 27. Qc4
axb6 28. Nce1 b5 29. Qf4 Qd5 30. b4 Ne6 31. Qe3 Qxa2 32. Rxd3 Rc8 33. Rc3 Rc4
34. Ra3 Qb2 35. Rb3 Qa1 36. Nd3 Qa8 37. Kh2 Qd5 38. Nf4 Nxf4 39. gxf4 Rxb4 40.
Rd3 Qc4 41. Rd4 Qc8 42. Rxb4 Bxb4 43. Qe4 Qg4 44. e6 fxe6 45. Nd4 Qxh5+ 46. Kg3
Qd5 47. Qxd5 exd5 48. Nxb5 Kf7 49. Kg4 Bc5 50. Kf5 Bxf2 51. Ke5 d4 52. Nd6+ Kf8
53. Ke4 Ke7 54. Nc4 Kf6 55. Ne5 h5 56. f5 Kg5 57. Nf7+ Kg4 0-1

[Event "15th Dubai Open 2013"]
[Site "Dubai UAE"]
[Date "2013.04.08"]
[Round "2.6"]
[White "Petrosian, Tigran L"]
[Black "Kanter, Eduard"]
[Result "1/2-1/2"]
[WhiteElo "2663"]
[BlackElo "2408"]
[PlyCount "155"]
[EventDate "2013.04.07"]

1. b3 e5 2. Bb2 Nc6 3. e3 Nf6 4. Bb5 Bd6 5. Na3 Na5 6. Be2 a6 7. c4 O-O 8. Nc2
Nc6 9. d3 Re8 10. g4 h6 11. h4 Nh7 12. Nf3 Bf8 13. e4 Bc5 14. Nxe5 Nxe5 15. d4
Bd6 16. dxe5 Bxe5 17. Bxe5 Rxe5 18. f3 d6 19. Qd2 Nf8 20. Bd3 b5 21. Kf2 Qf6
22. Kg3 bxc4 23. Bxc4 Be6 24. Ne3 Bxc4 25. Nxc4 Rc5 26. Qf4 Qe7 27. Rad1 a5 28.
Rd5 Rxd5 29. exd5 a4 30. b4 Qe2 31. a3 Re8 32. Rc1 Ng6 33. Qd2 Qe7 34. Rh1 Qf6
35. h5 Ne5 36. Qe3 Re7 37. Re1 Ng6 38. hxg6 Rxe3 39. gxf7+ Qxf7 40. Nxe3 Qe7
41. Kf2 Qe5 42. Nf5 Qh2+ 43. Kf1 g6 44. Nd4 Kf7 45. Nc6 Kf6 46. Re2 Qg3 47.
Re6+ Kg5 48. Ke2 Qg2+ 49. Ke3 Qg1+ 50. Ke2 Kf4 51. Re4+ Kg3 52. Re3 Qf2+ 53.
Kd3 Qa2 54. Ke4 Qc2+ 55. Rd3 Qe2+ 56. Re3 Qc2+ 57. Rd3 h5 58. Nd4 Qb1 59. gxh5
gxh5 60. f4+ Kg4 61. f5 Kg5 62. Ke3 Qe1+ 63. Kf3 h4 64. Re3 Qh1+ 65. Kf2 Qh2+
66. Ke1 Qh1+ 67. Kf2 Qxd5 68. Nf3+ Kxf5 69. Nxh4+ Kf6 70. Nf3 Qa2+ 71. Ke1 c5
72. bxc5 dxc5 73. Nd2 Kf5 74. Kd1 Qa1+ 75. Kc2 Qa2+ 76. Kc1 Qa1+ 77. Kc2 Qa2+
78. Kc1 1/2-1/2

[Event "15th Dubai Open 2013"]
[Site "Dubai UAE"]
[Date "2013.04.08"]
[Round "2.7"]
[White "Tania, Sachdev"]
[Black "Istratescu, Andrei"]
[Result "0-1"]
[WhiteElo "2409"]
[BlackElo "2648"]
[PlyCount "70"]
[EventDate "2013.04.07"]

1. d4 Nf6 2. c4 g6 3. f3 Bg7 4. e4 d6 5. Nc3 O-O 6. Nge2 a6 7. Be3 c6 8. c5 b5
9. g3 dxc5 10. dxc5 Nbd7 11. Nd4 Qc7 12. Rc1 Rd8 13. Qc2 Nf8 14. Nb3 e5 15. Be2
h5 16. O-O h4 17. Rfd1 hxg3 18. hxg3 Nh5 19. Rxd8 Qxd8 20. Rd1 Qc7 21. Kf2 Ne6
22. Qd3 Bf8 23. Bf1 a5 24. a4 Nd4 25. Bxd4 exd4 26. Ne2 bxa4 27. Nbxd4 Bxc5 28.
Qc2 Qb6 29. Qxa4 Ba6 30. Kg2 Rd8 31. f4 Nf6 32. Nf3 Rxd1 33. Qxd1 Ng4 34. Qd7
Ne3+ 35. Kg1 Nxf1+ 0-1

[Event "15th Dubai Open 2013"]
[Site "Dubai UAE"]
[Date "2013.04.08"]
[Round "2.8"]
[White "Sokolov, Ivan"]
[Black "Nezad, Husein Aziz"]
[Result "0-1"]
[WhiteElo "2643"]
[BlackElo "2400"]
[PlyCount "70"]
[EventDate "2013.04.07"]

1. d4 d5 2. Nf3 Nf6 3. c4 c6 4. Nc3 e6 5. g3 dxc4 6. Bg2 b5 7. Ne5 a6 8. f4 Bb7
9. O-O Nbd7 10. e4 Bb4 11. Be3 O-O 12. a3 Ba5 13. Qe2 Qc7 14. Rad1 Rfe8 15. g4
Bxc3 16. bxc3 c5 17. Bf2 cxd4 18. Bxd4 Nc5 19. g5 Nfxe4 20. Ng4 Rad8 21. Rde1
Re7 22. Nf6+ Nxf6 23. gxf6 Red7 24. Qg4 g6 25. Re5 Rxd4 26. cxd4 Rxd4 27. Qg5
Nd7 28. Bxb7 Qxb7 29. Ree1 Qb6 30. Kh1 Qc6+ 31. Kg1 Rd2 32. f5 Qc5+ 33. Re3
Nxf6 34. h4 exf5 35. Kh1 Qd5+ 0-1

[Event "15th Dubai Open 2013"]
[Site "Dubai UAE"]
[Date "2013.04.08"]
[Round "2.9"]
[White "Anurag, Mhamal"]
[Black "Amin, Bassem"]
[Result "1/2-1/2"]
[WhiteElo "2401"]
[BlackElo "2641"]
[PlyCount "68"]
[EventDate "2013.04.07"]

1. c4 e5 2. g3 d6 3. Bg2 f5 4. d4 Nf6 5. Nc3 c6 6. dxe5 dxe5 7. Qxd8+ Kxd8 8.
e4 Na6 9. Nf3 Bd6 10. Be3 Ng4 11. Bg5+ Kc7 12. h3 Nf6 13. O-O-O Nc5 14. exf5
Bxf5 15. Nh4 Be6 16. b4 Ncd7 17. c5 Be7 18. Nf3 a5 19. Nxe5 Nxe5 20. Rhe1 axb4
21. Rxe5 bxc3 22. Bf4 Kc8 23. Rxe6 Bxc5 24. h4 Nd5 25. Bxd5 cxd5 26. Rxd5 Ra5
27. Ree5 b6 28. Rd3 Rxa2 29. Rxc3 Kb7 30. Be3 Bxe3+ 31. Rexe3 Rxf2 32. Re7+ Ka6
33. Rxg7 b5 34. Rc2 Rxc2+ 1/2-1/2

[Event "15th Dubai Open 2013"]
[Site "Dubai UAE"]
[Date "2013.04.08"]
[Round "2.10"]
[White "Mchedlishvili, Mikheil"]
[Black "Karavade, Eesha"]
[Result "1-0"]
[WhiteElo "2640"]
[BlackElo "2389"]
[PlyCount "57"]
[EventDate "2013.04.07"]

1. Nf3 Nf6 2. c4 e6 3. Nc3 d5 4. d4 Bb4 5. cxd5 exd5 6. Bg5 h6 7. Bh4 g5 8. Bg3
Ne4 9. Nd2 Nxg3 10. hxg3 c6 11. Qc2 Be6 12. a3 Be7 13. O-O-O Nd7 14. e4 Nb6 15.
e5 Qd7 16. f4 O-O-O 17. Bd3 Bg4 18. Rde1 Kb8 19. Nb3 f6 20. Nc5 Bxc5 21. dxc5
Nc4 22. exf6 Rhe8 23. Rxe8 Rxe8 24. Qf2 Bf5 25. Bxc4 dxc4 26. Rd1 Bd3 27. Re1
Rf8 28. Re7 Qf5 29. Qd4 1-0

[Event "15th Dubai Open 2013"]
[Site "Dubai UAE"]
[Date "2013.04.08"]
[Round "2.11"]
[White "Gagare, Shardul"]
[Black "Wen, Yang"]
[Result "1-0"]
[WhiteElo "2397"]
[BlackElo "2631"]
[PlyCount "93"]
[EventDate "2013.04.07"]

1. c4 g6 2. g3 Bg7 3. Bg2 c5 4. Nc3 Nc6 5. a3 d6 6. Rb1 e6 7. b4 Nge7 8. Nf3
O-O 9. O-O b6 10. bxc5 dxc5 11. Bb2 Rb8 12. d3 h6 13. e3 Bb7 14. Qe2 Qd7 15.
Rfd1 e5 16. Nb5 Nf5 17. h4 Rbd8 18. Kh2 Ba8 19. h5 Nfe7 20. hxg6 Nxg6 21. Bh3
f5 22. e4 Nd4 23. Nbxd4 exd4 24. Nd2 Rde8 25. f4 Qd6 26. Rf1 Kh8 27. Rbe1 fxe4
28. Nxe4 Qd8 29. Qh5 Bxe4 30. dxe4 Ne7 31. e5 Ng8 32. Bf5 b5 33. Be4 Qb6 34.
cxb5 a6 35. a4 axb5 36. axb5 Re7 37. Qe2 Qe6 38. Rc1 Rc8 39. Qc4 Qg4 40. Bf3
Qf5 41. Bxd4 h5 42. Be3 Nh6 43. Kg2 h4 44. Rh1 Ra7 45. Rxh4 Ra3 46. Bf2 Rd8 47.
b6 1-0

[Event "15th Dubai Open 2013"]
[Site "Dubai UAE"]
[Date "2013.04.08"]
[Round "2.13"]
[White "Prathamesh, Sunil Mokal"]
[Black "Kuzubov, Yuriy"]
[Result "1/2-1/2"]
[WhiteElo "2389"]
[BlackElo "2619"]
[PlyCount "107"]
[EventDate "2013.04.07"]

1. e4 e6 2. d4 d5 3. e5 c5 4. c3 Nc6 5. Nf3 Qb6 6. a3 c4 7. Nbd2 Na5 8. Be2 Bd7
9. O-O Ne7 10. Re1 h6 11. Rb1 O-O-O 12. Nf1 Nb3 13. Ng3 Ba4 14. Be3 Kb8 15. Nd2
g6 16. h4 Nc6 17. Bg4 h5 18. Bh3 Be7 19. Nf3 Rd7 20. Bg5 Rc8 21. Re3 Bf8 22.
Re1 a5 23. Re3 Qa7 24. Ne2 Nc5 25. Qc1 Nd3 26. Qd2 Qb6 27. b4 Na7 28. Nc1 Nxc1
29. Qxc1 Nb5 30. g3 Qa7 31. Bf1 Rc6 32. Nd2 Ra6 33. Ra1 Qb6 34. Rb1 Qa7 35. Kh2
Nxa3 36. Qxa3 Bc2 37. Qb2 Bxb1 38. b5 Rb6 39. Nxb1 Qa6 40. Na3 Bxa3 41. Qxa3
Qxb5 42. Qf8+ Ka7 43. Rf3 a4 44. Be7 Rxe7 45. Qxe7 Ra6 46. Rxf7 a3 47. Rf8 a2
48. Rc8 Rc6 49. Rxc6 Qxc6 50. Qa3+ Qa6 51. Qc5+ Qb6 52. Qa3+ Qa6 53. Qc5+ Qb6
54. Qa3+ 1/2-1/2

[Event "15th Dubai Open 2013"]
[Site "Dubai UAE"]
[Date "2013.04.08"]
[Round "2.16"]
[White "Isaev, Jamshed"]
[Black "Volkov, Sergey"]
[Result "0-1"]
[WhiteElo "2355"]
[BlackElo "2593"]
[PlyCount "86"]
[EventDate "2013.04.07"]

1. e4 e6 2. d4 d5 3. Nc3 Nf6 4. e5 Nfd7 5. f4 c5 6. Nf3 Be7 7. Be3 Nc6 8. Qd2
O-O 9. dxc5 Qa5 10. O-O-O Bxc5 11. Bxc5 Nxc5 12. h4 Bd7 13. h5 Rfd8 14. h6 g6
15. Qf2 Rf8 16. Bb5 Qb6 17. Qh4 Qd8 18. Qf2 Qb6 19. Qh4 Qd8 20. a3 Qxh4 21.
Rxh4 Ne7 22. Be2 Nf5 23. Rh3 Rac8 24. Nd4 f6 25. Nxf5 gxf5 26. Rg3+ Kh8 27. Rg7
fxe5 28. fxe5 Be8 29. Nb5 Bxb5 30. Bxb5 a6 31. b4 axb5 32. bxc5 Rxc5 33. Rxb7
Rfc8 34. Rd2 R8c7 35. Rb6 R7c6 36. Rxc6 Rxc6 37. Rd4 Kg8 38. g4 Rc4 39. Rd3
fxg4 40. Rb3 Kf7 41. Rxb5 Kg6 42. Rb6 g3 43. Rxe6+ Kh5 0-1

[Event "15th Dubai Open 2013"]
[Site "Dubai UAE"]
[Date "2013.04.08"]
[Round "2.17"]
[White "Purtseladze, Maka"]
[Black "Rakhmanov, Aleksandr"]
[Result "0-1"]
[WhiteElo "2347"]
[BlackElo "2591"]
[PlyCount "86"]
[EventDate "2013.04.07"]

1. d4 e6 2. c4 Bb4+ 3. Bd2 Qe7 4. g3 d5 5. Bg2 c6 6. b3 Bd6 7. Nc3 Nf6 8. Nf3
Nbd7 9. cxd5 exd5 10. O-O O-O 11. Rc1 Re8 12. Qc2 Nf8 13. Bg5 Bg4 14. Rfe1 Ne6
15. Be3 Bh5 16. h3 Bg6 17. Qd2 Ba3 18. Ra1 Ne4 19. Nxe4 dxe4 20. Ne5 Bb4 21.
Qc2 Bxe1 22. Rxe1 Nc7 23. Nxg6 hxg6 24. Bd2 Nd5 25. e3 a5 26. Rc1 Nb4 27. Qb1
Nd3 28. Rc4 Qf6 29. Be1 Rad8 30. Bf1 Nxe1 31. Qxe1 Rd5 32. Rc2 Qd6 33. Qc1 Ra8
34. Bg2 Qe7 35. a4 Re8 36. Rc4 f5 37. Qc3 Qa3 38. Bf1 Kh7 39. Qc2 c5 40. Rxc5
Rxc5 41. dxc5 Rd8 42. Kg2 Qa1 43. Be2 Qe1 0-1

[Event "15th Dubai Open 2013"]
[Site "Dubai UAE"]
[Date "2013.04.08"]
[Round "2.19"]
[White "Saduakassova, Dinara"]
[Black "Shanava, Konstantine"]
[Result "1-0"]
[WhiteElo "2336"]
[BlackElo "2578"]
[PlyCount "67"]
[EventDate "2013.04.07"]

1. d4 g6 2. c4 Bg7 3. Nf3 c5 4. e4 d6 5. Nc3 Bg4 6. d5 Bxc3+ 7. bxc3 Bxf3 8.
Qxf3 Nd7 9. Bd3 Qa5 10. Bd2 Ngf6 11. Qe2 h6 12. f4 Qc7 13. O-O g5 14. g3 O-O-O
15. Kh1 gxf4 16. gxf4 Rde8 17. Be1 e5 18. fxe5 Rxe5 19. Bg3 Qd8 20. Rab1 Rhe8
21. Qb2 Qc7 22. Bxe5 Rxe5 23. Rf4 Rg5 24. Bf1 Rh5 25. Bg2 Kb8 26. Rbf1 Qd8 27.
Qf2 Ne8 28. Qe2 Re5 29. Rxf7 Nef6 30. Qf2 Ne8 31. Bh3 Nb6 32. Rf8 Re7 33. Qh4
Kc7 34. R1f7 1-0

[Event "15th Dubai Open 2013"]
[Site "Dubai UAE"]
[Date "2013.04.08"]
[Round "2.20"]
[White "Lalith, Babu M.R"]
[Black "Hoolt, Sarah"]
[Result "1-0"]
[WhiteElo "2565"]
[BlackElo "2338"]
[PlyCount "83"]
[EventDate "2013.04.07"]

1. Nf3 Nf6 2. c4 e6 3. g3 d5 4. Bg2 Be7 5. O-O O-O 6. d4 dxc4 7. Qa4 a6 8. Qxc4
b5 9. Qc2 Bb7 10. Bd2 Be4 11. Qc1 Nc6 12. Be3 Rc8 13. Rd1 Na5 14. Nc3 Bb7 15.
Bg5 Qe8 16. Bxf6 Bxf6 17. Qf4 c5 18. dxc5 e5 19. Qb4 Nc6 20. Qg4 Be7 21. Qd7
Ba8 22. Bh3 Qxd7 23. Bxd7 Rc7 24. Bxc6 Bxc6 25. b4 e4 26. Nd4 e3 27. f3 Bf6 28.
Rac1 Bb7 29. Nf5 h5 30. Nxe3 Re7 31. Nf5 Re6 32. Kf2 h4 33. e4 hxg3+ 34. hxg3
g6 35. Nd4 Re5 36. c6 Bc8 37. Nd5 Bg7 38. Rc5 Rfe8 39. Nb6 Rd8 40. c7 Rf8 41.
Nc6 Ree8 42. Nxc8 1-0

[Event "15th Dubai Open 2013"]
[Site "Dubai UAE"]
[Date "2013.04.08"]
[Round "2.23"]
[White "Oleksienko, Mikhailo"]
[Black "Galojan, Lilit"]
[Result "1-0"]
[WhiteElo "2554"]
[BlackElo "2323"]
[PlyCount "91"]
[EventDate "2013.04.07"]

1. e4 e5 2. Nf3 Nc6 3. Bb5 a6 4. Ba4 Nf6 5. O-O Be7 6. d3 b5 7. Bb3 d6 8. a4
Bg4 9. c3 O-O 10. Nbd2 Na5 11. Ba2 b4 12. h3 bxc3 13. hxg4 cxd2 14. Bxd2 c5 15.
g5 Nd7 16. Bd5 Rc8 17. g3 Nc6 18. a5 g6 19. Kg2 Kg7 20. Rh1 Rh8 21. Bc4 Ndb8
22. Qb3 Qe8 23. Rh3 Bd8 24. Rah1 Rc7 25. Nh2 Qd7 26. Qd1 Nd4 27. Ng4 Qe8 28.
R1h2 Rb7 29. Qh1 h5 30. gxh6+ Kh7 31. Bc3 Nbc6 32. Qe1 Nb4 33. f4 Qd7 34. Qd1
Nbc2 35. Kh1 f5 36. Bxd4 fxg4 37. Rxc2 gxh3 38. Bc3 Rf8 39. Rf2 exf4 40. Bg7
Re8 41. gxf4 Bh4 42. Rf1 Rb4 43. b3 Re7 44. f5 gxf5 45. Qh5 fxe4 46. Bg8+ 1-0

[Event "15th Dubai Open 2013"]
[Site "Dubai UAE"]
[Date "2013.04.08"]
[Round "2.27"]
[White "Salem, A.R. Saleh"]
[Black "Das, Sayantan"]
[Result "1-0"]
[WhiteElo "2530"]
[BlackElo "2299"]
[PlyCount "59"]
[EventDate "2013.04.07"]

1. d4 Nf6 2. c4 e6 3. Nf3 d5 4. Nc3 Bb4 5. e3 O-O 6. Bd3 c5 7. O-O cxd4 8. exd4
dxc4 9. Bxc4 b6 10. Bd3 Bb7 11. Re1 Nc6 12. a3 Be7 13. Bc2 Rc8 14. Qd3 Rc7 15.
d5 Rd7 16. b4 exd5 17. Bg5 g6 18. b5 Na5 19. Rad1 Kg7 20. Nd4 Re8 21. Nf5+ gxf5
22. Qxf5 h6 23. Bxh6+ Kxh6 24. Qf4+ Kg7 25. Qg5+ Kf8 26. Qh6+ Kg8 27. Qg5+ Kf8
28. Qh6+ Kg8 29. Re3 Bd6 30. Rh3 1-0

[Event "15th Dubai Open 2013"]
[Site "Dubai UAE"]
[Date "2013.04.08"]
[Round "2.28"]
[White "Khademalsharieh, Sarasadat"]
[Black "Ju, Wenjun"]
[Result "0-1"]
[WhiteElo "2267"]
[BlackElo "2521"]
[PlyCount "48"]
[EventDate "2013.04.07"]

1. d4 d6 2. Nf3 g6 3. g3 Bg7 4. c4 Nf6 5. Bg2 O-O 6. Nc3 c6 7. O-O Qb6 8. e4
Bg4 9. Qd3 Nfd7 10. Bg5 Re8 11. Ne2 c5 12. Be3 Bxf3 13. Bxf3 Nc6 14. dxc5 Qxb2
15. Rab1 Qxa2 16. Nc1 Qa6 17. cxd6 Nde5 18. Qd1 Nxf3+ 19. Qxf3 exd6 20. Bf4
Qxc4 21. Rxb7 Nd4 22. Qa3 Qc6 23. Rb1 Qxe4 24. Qd3 Ne2+ 0-1

[Event "15th Dubai Open 2013"]
[Site "Dubai UAE"]
[Date "2013.04.08"]
[Round "2.29"]
[White "Carlsson, Pontus"]
[Black "Olsarova, Karolina"]
[Result "1-0"]
[WhiteElo "2520"]
[BlackElo "2264"]
[PlyCount "63"]
[EventDate "2013.04.07"]

1. e4 e5 2. Nf3 Nc6 3. Bb5 Nf6 4. O-O Nxe4 5. d4 Nd6 6. Bxc6 dxc6 7. dxe5 Nf5
8. Qxd8+ Kxd8 9. Nc3 Bd7 10. h3 h6 11. b3 Kc8 12. Bb2 b6 13. Rad1 Be7 14. Ne2
Re8 15. Nf4 g5 16. Nh5 Rg8 17. g4 Nh4 18. Nxh4 gxh4 19. f4 a5 20. f5 a4 21. e6
fxe6 22. f6 Bc5+ 23. Bd4 Bxd4+ 24. Rxd4 axb3 25. axb3 Ra5 26. Nf4 Rf5 27. Nd3
Rxf1+ 28. Kxf1 Rf8 29. Rf4 Be8 30. Ne5 Bf7 31. Ke2 c5 32. Ke3 1-0

[Event "15th Dubai Open 2013"]
[Site "Dubai UAE"]
[Date "2013.04.08"]
[Round "2.30"]
[White "Olsarova, Tereza"]
[Black "Al-Sayed, Mohammed"]
[Result "1/2-1/2"]
[WhiteElo "2260"]
[BlackElo "2517"]
[PlyCount "71"]
[EventDate "2013.04.07"]

1. d4 Nf6 2. Nf3 g6 3. Bf4 Bg7 4. h3 c5 5. c3 O-O 6. e3 d6 7. Be2 b6 8. O-O Bb7
9. Nbd2 Nc6 10. e4 cxd4 11. cxd4 Nxd4 12. Nxd4 e5 13. Be3 exd4 14. Bxd4 Re8 15.
Bb5 Re6 16. Re1 d5 17. e5 Ne4 18. Nf3 Qe7 19. Rc1 Rf8 20. Re2 f6 21. exf6 Bxf6
22. Rec2 Qb4 23. Bd7 Re7 24. Rc7 Ba8 25. Rxa7 Qd6 26. Rcc7 Kg7 27. Qa4 Ng5 28.
Bxf6+ Rxf6 29. Rc8 Rxf3 30. gxf3 Nxf3+ 31. Kg2 Qh2+ 32. Kxf3 Qh1+ 33. Kg3 Qg1+
34. Kf3 Qh1+ 35. Kg3 Qg1+ 36. Kf3 1/2-1/2

[Event "15th Dubai Open 2013"]
[Site "Dubai UAE"]
[Date "2013.04.08"]
[Round "2.31"]
[White "Akshayraj, Kore"]
[Black "Hemant, Sharma2"]
[Result "1-0"]
[WhiteElo "2512"]
[BlackElo "2253"]
[PlyCount "97"]
[EventDate "2013.04.07"]

1. e4 c5 2. Nf3 d6 3. c3 Nf6 4. Be2 g6 5. O-O Bg7 6. Re1 O-O 7. Bf1 b6 8. d4
cxd4 9. cxd4 Bb7 10. Nc3 Nc6 11. Bg5 e5 12. d5 Ne7 13. Nd2 Ne8 14. Qa4 Nc7 15.
Rac1 f6 16. Be3 Rf7 17. f3 h5 18. Nb5 Nc8 19. Rc3 a6 20. Na3 Ne8 21. Qb4 Kh7
22. Nac4 Bh6 23. Bxh6 Kxh6 24. a4 Rb8 25. Ne3 Rc7 26. Ndc4 Rc5 27. g3 a5 28.
Qb3 Kg7 29. Rec1 Nc7 30. f4 exf4 31. gxf4 Qe8 32. Qc2 f5 33. exf5 Bxd5 34. Qd2
Qe7 35. Nxd5 Nxd5 36. Rg3 Kf8 37. Re1 Qf6 38. Rxg6 Qxf5 39. Bd3 Qf7 40. f5 Qh7
41. Qg5 Nce7 42. Nxd6 Nxg6 43. fxg6 Qd7 44. Qxh5 Qg7 45. Nf5 Nf6 46. Nxg7 Nxh5
47. Ne6+ Kg8 48. Nxc5 bxc5 49. Re7 1-0

[Event "15th Dubai Open 2013"]
[Site "Dubai UAE"]
[Date "2013.04.08"]
[Round "2.32"]
[White "Gameel, Mohamed"]
[Black "Rahman, Ziaur"]
[Result "1/2-1/2"]
[WhiteElo "2250"]
[BlackElo "2511"]
[PlyCount "192"]
[EventDate "2013.04.07"]

1. e4 g6 2. d4 Bg7 3. Nc3 c6 4. Nf3 d6 5. a4 Nf6 6. g3 O-O 7. Bg2 Nbd7 8. O-O
e5 9. dxe5 dxe5 10. b3 Qa5 11. Bb2 Rd8 12. Qe2 Nf8 13. Rfd1 Bg4 14. h3 Bxf3 15.
Qxf3 Ne6 16. Ne2 Ne8 17. h4 N8c7 18. Bh3 Qc5 19. Qc3 Qxc3 20. Bxc3 Nd4 21. Bxd4
exd4 22. Rd3 Na6 23. Re1 Nc5 24. Rdd1 d3 25. cxd3 Nxd3 26. Rf1 Nc5 27. Nc1 Nxe4
28. Bg2 Nc5 29. a5 a6 30. b4 Na4 31. Rd3 Nb2 32. Re3 Nc4 33. Rd3 Ne5 34. Re3 h5
35. Nb3 Nd3 36. Nc5 Nxc5 37. bxc5 Rd7 38. Rb3 Re8 39. Bh3 f5 40. Rfb1 Ree7 41.
Bf1 Kf8 42. Kg2 Bd4 43. Rc1 Rd5 44. Rcb1 Rxc5 45. Rb4 Rd5 46. Rxb7 Rxa5 47. Bc4
Ra4 48. R7b4 Rxb4 49. Rxb4 a5 50. Rb8+ Kg7 51. Rc8 c5 52. Ra8 Bc3 53. Kf3 Bb4
54. Bb3 Kf6 55. Ra6+ Ke5 56. Rxg6 Kd4 57. Rc6 Ra7 58. Ba4 c4 59. Kf4 Be1 60.
Kf3 c3 61. Re6 Bd2 62. Rc6 Rb7 63. Bc2 Rb2 64. Bxf5 Be1 65. Kf4 Rxf2+ 66. Kg5
a4 67. Ra6 Ra2 68. Kxh5 Bxg3 69. Kg4 Be5 70. h5 Ke3 71. Re6 Rg2+ 72. Kh3 Rh2+
73. Kg4 Rg2+ 74. Kh3 Rg3+ 75. Kh4 Kf4 76. h6 Rg8 77. Bc2 Rg2 78. Kh3 Rg3+ 79.
Kh2 Rg5 80. h7 Rh5+ 81. Kg2 a3 82. Ra6 Ke3 83. Ra5 Rh2+ 84. Kg1 Bg3 85. Ra8 Kd2
86. Be4 Be5 87. Rxa3 Rh4 88. Bf5 Rh5 89. Be4 Rh4 90. Bf5 Ke3 91. Ra2 Rh5 92.
Bg6 Rh6 93. Rg2 Bd4 94. Rg4 Bb6 95. Kg2 Kd2 96. Kf3 Rh3+ 1/2-1/2

[Event "15th Dubai Open 2013"]
[Site "Dubai UAE"]
[Date "2013.04.08"]
[Round "2.33"]
[White "Harika, Dronavalli"]
[Black "Davletbayeva, Madina"]
[Result "1/2-1/2"]
[WhiteElo "2509"]
[BlackElo "2248"]
[PlyCount "61"]
[EventDate "2013.04.07"]

1. c4 Nf6 2. Nc3 e5 3. Nf3 Nc6 4. e3 g6 5. d4 exd4 6. exd4 Bg7 7. d5 Ne7 8. Bf4
O-O 9. h3 a6 10. a4 d6 11. Be2 Bd7 12. a5 Rb8 13. Qd2 Bf5 14. O-O b6 15. Nd4
bxa5 16. Rfe1 Bd7 17. Bf3 Rb4 18. b3 Nf5 19. Nce2 Nh4 20. Rxa5 Nxf3+ 21. Nxf3
Rxb3 22. Ned4 Rb6 23. c5 dxc5 24. Rxc5 Rb7 25. Qc2 Re8 26. Rd1 Bf8 27. Rxc7
Rxc7 28. Bxc7 Qc8 29. d6 Ne4 30. Qd3 Nxd6 31. Bxd6 1/2-1/2

[Event "15th Dubai Open 2013"]
[Site "Dubai UAE"]
[Date "2013.04.08"]
[Round "2.34"]
[White "Mohannad, Farhan"]
[Black "Darini, Pouria"]
[Result "0-1"]
[WhiteElo "2231"]
[BlackElo "2505"]
[PlyCount "120"]
[EventDate "2013.04.07"]

1. d4 Nf6 2. c4 g6 3. g3 Bg7 4. Bg2 d5 5. cxd5 Nxd5 6. e4 Nb6 7. Ne2 c5 8. d5
O-O 9. O-O e6 10. Nbc3 exd5 11. exd5 Nc4 12. b3 Nd6 13. Bf4 Na6 14. Rc1 Bf5 15.
h3 h5 16. f3 c4 17. Ne4 Bxe4 18. fxe4 Re8 19. Bxd6 Qxd6 20. Rxc4 Nc5 21. Qc2
Nd7 22. Nf4 h4 23. Qf2 Ne5 24. Rc2 hxg3 25. Qxg3 Rac8 26. Rfc1 Rxc2 27. Rxc2
Nd7 28. Ne2 Be5 29. Qf2 b6 30. Kh1 Nc5 31. Qe3 Bg7 32. Qg3 Qf6 33. Qe3 Qa1+ 34.
Qc1 Qxc1+ 35. Rxc1 Nxe4 36. Rc2 Nc5 37. Kg1 Kf8 38. Kf1 a5 39. Rd2 Ke7 40. Ng3
Kd6 41. Re2 Rxe2 42. Kxe2 f5 43. h4 Be5 44. Nf1 Bf4 45. Ne3 Bxe3 46. Kxe3 Ke5
47. d6 Kxd6 48. h5 gxh5 49. Kf4 Ke6 50. Bh3 Nd3+ 51. Kg5 Nc1 52. Bxf5+ Ke5 53.
Bb1 Kd4 54. b4 a4 55. Kxh5 Kc3 56. b5 Kb2 57. Be4 Nxa2 58. Kg5 Nc3 59. Bd3 a3
60. Bc4 Nxb5 0-1

[Event "15th Dubai Open 2013"]
[Site "Dubai UAE"]
[Date "2013.04.08"]
[Round "2.35"]
[White "Shyam, Sundar M"]
[Black "Chahrani, Ibrahim"]
[Result "1-0"]
[WhiteElo "2505"]
[BlackElo "2244"]
[PlyCount "77"]
[EventDate "2013.04.07"]

1. d4 d5 2. c4 e6 3. Nc3 Nf6 4. cxd5 exd5 5. Bg5 Be7 6. Qc2 c6 7. e3 Nbd7 8.
Bd3 O-O 9. Nge2 Re8 10. O-O Nf8 11. Bxf6 Bxf6 12. b4 g6 13. b5 Ne6 14. Rfd1 Ng7
15. a4 Bf5 16. a5 Rc8 17. Bxf5 Nxf5 18. Qb3 Ne7 19. a6 b6 20. bxc6 Rxc6 21. Nf4
Rd6 22. Nb5 Rd7 23. Rac1 Bg5 24. Nd3 Bf6 25. Nb4 Qb8 26. Nc6 Nxc6 27. Rxc6 Kg7
28. Rdc1 Qd8 29. g3 Qe7 30. Qa3 Qd8 31. Rc7 Rxc7 32. Rxc7 Re7 33. Qd6 Qe8 34.
Qxd5 Rxc7 35. Nxc7 Qa4 36. Kg2 h5 37. Qb5 Qa5 38. Ne8+ Kf8 39. Qxa5 1-0

[Event "15th Dubai Open 2013"]
[Site "Dubai UAE"]
[Date "2013.04.08"]
[Round "2.36"]
[White "Navalgund, Niranjan"]
[Black "Hayrapetyan, Hovik"]
[Result "0-1"]
[WhiteElo "2219"]
[BlackElo "2503"]
[PlyCount "152"]
[EventDate "2013.04.07"]

1. d4 d5 2. c4 dxc4 3. Nf3 Nf6 4. e3 a6 5. Bxc4 b5 6. Bb3 e6 7. O-O Bb7 8. a4
b4 9. a5 Nbd7 10. Nbd2 c5 11. Ba4 Be7 12. dxc5 Rc8 13. Nc4 O-O 14. Nd6 Bxf3 15.
Qxf3 Ne5 16. Qe2 Bxd6 17. cxd6 Qxa5 18. e4 Qc5 19. d7 Nexd7 20. Qxa6 Ra8 21.
Qe2 Qe5 22. Be3 Qxe4 23. Rfd1 Rfd8 24. Bc2 Qb7 25. Rac1 Rdc8 26. Bd4 Ra5 27.
Bb3 Rxc1 28. Rxc1 h6 29. Qc4 Ra8 30. f3 Nd5 31. Kf2 Qb8 32. g3 Qd8 33. Qc6 N7f6
34. Qc4 Qe7 35. Bc5 Qb7 36. Bd4 Rd8 37. Ba4 e5 38. Bc6 Qe7 39. Bc5 Qe6 40. Bxb4
e4 41. Bxd5 Nxd5 42. fxe4 Qb6+ 43. Bc5 Qxb2+ 44. Kg1 Nf6 45. Rf1 Qe5 46. Re1
Rc8 47. Bd4 Rxc4 48. Bxe5 Nxe4 49. Re2 f6 50. Bb2 Kf7 51. Kg2 h5 52. Kf3 Ng5+
53. Kg2 h4 54. gxh4 Rg4+ 55. Kf2 Rxh4 56. Kg3 Rh3+ 57. Kg2 Rb3 58. Bc1 Ne6 59.
h4 Rb4 60. Kg3 Rc4 61. Bb2 Nc5 62. Re3 Ne4+ 63. Kh3 Kg6 64. Rf3 Rb4 65. Ba3 Rb1
66. Kg2 Rb5 67. Re3 f5 68. Rd3 Kh5 69. Be7 Kg4 70. Rd7 f4 71. Ba3 g6 72. Rg7
Ra5 73. Bb4 Ra2+ 74. Kg1 Kf3 75. Rd7 Ra1+ 76. Kh2 Nf2 0-1

[Event "15th Dubai Open 2013"]
[Site "Dubai UAE"]
[Date "2013.04.08"]
[Round "2.37"]
[White "Khotenashvili, Bela"]
[Black "Raes, Abdul Kader"]
[Result "1-0"]
[WhiteElo "2492"]
[BlackElo "2241"]
[PlyCount "165"]
[EventDate "2013.04.07"]

1. Nf3 c5 2. g3 Nc6 3. Bg2 e5 4. c4 d6 5. Nc3 f5 6. d3 Nf6 7. a3 Rb8 8. b4 Bd7
9. Rb1 Be7 10. O-O O-O 11. e3 Qe8 12. Ne1 Kh8 13. f4 exf4 14. gxf4 b6 15. d4
cxb4 16. axb4 a5 17. b5 Nb4 18. Nd3 Nxd3 19. Qxd3 Qf7 20. Bb2 Rfc8 21. d5 Re8
22. Na4 Ne4 23. Bd4 Bd8 24. Qe2 Bc8 25. Kh1 Qe7 26. Rg1 Rg8 27. Bf3 Rb7 28. Rg2
Qf8 29. Rbg1 Nf6 30. Qb2 Bd7 31. Qc2 Qf7 32. Qd3 Qe8 33. Rg5 Bc8 34. Rxf5 Bxf5
35. Qxf5 Rf7 36. Rg3 Nd7 37. Qd3 Bf6 38. Nxb6 Bxd4 39. Qxd4 Re7 40. Nxd7 Qxd7
41. Be4 Rge8 42. Bc2 Qc7 43. Rh3 Qc5 44. Qxc5 dxc5 45. e4 g5 46. fxg5 Re5 47.
g6 h5 48. Rf3 Kg7 49. b6 Kxg6 50. b7 Rb8 51. Rb3 Kg5 52. d6 Re6 53. Rb6 Kf4 54.
Ba4 Ke5 55. Rc6 Rxd6 56. Rxc5+ Kxe4 57. Rc7 Rb6 58. c5 Rb1+ 59. Kg2 Ke5 60. c6
Rb4 61. Rc8 R8xb7 62. cxb7 Rxb7 63. Rc5+ Kf4 64. Rxh5 Rg7+ 65. Kh3 Ra7 66. Rh4+
Kg5 67. Rg4+ Kh6 68. Rc4 Kg5 69. Kg3 Kh5 70. Rc5+ Kh6 71. Rc6+ Kg7 72. h4 Ra8
73. h5 Kh7 74. h6 Kh8 75. Kg4 Kh7 76. Kh5 Kh8 77. Rd6 Kh7 78. Bc2+ Kh8 79. h7
a4 80. Kh6 a3 81. Rg6 a2 82. Bb3 Ra6 83. Be6 1-0